[Event "Landesliga Sued 1213 U20"]
[Site "Bayern"]
[Date "2012.10.20"]
[Round "1.1"]
[White "Leierseder, Lukas"]
[Black "Voggenreiter, Simon"]
[Result "0-1"]
[WhiteElo "1428"]
[BlackElo "1762"]
[PlyCount "71"]
[EventDate "2012.10.20"]
[EventType "team-tourn"]
[EventRounds "7"]
[EventCountry "GER"]
[SourceTitle "EXT 2020"]
[Source "ChessBase"]
[SourceDate "2019.10.17"]
[SourceVersion "1"]
[SourceVersionDate "2019.10.17"]
[SourceQuality "1"]
[WhiteTeam "Ismaning U20"]
[BlackTeam "Freising SK U20"]
[WhiteTeamCountry "GER"]
[BlackTeamCountry "GER"]

1. c4 e6 2. d4 Nf6 3. Nc3 Bb4 4. Nf3 b6 5. Bd2 Bb7 6. e3 Bxc3 7. Bxc3 Ne4 8. Qc2 d6 9. Bd3 f5 10. Nd2 Nxd2 11. Kxd2 Qd7 12. f3 Na6 13. e4 fxe4 14. Bxe4 Bxe4 15. Qxe4 0-0 16. Rae1 Rfe8 17. h4 d5 18. Qd3 Qa4 19. cxd5 Nb4 20. Bxb4 Qxb4+ 21. Qc3 Qxc3+ 22. bxc3 exd5 23. Re5 Rxe5 24. dxe5 Kf7 25. f4 Ke6 26. g4 c5 27. Ke3 b5 28. Kd3 a6 29. Re1 g6 30. a3 Rf8 31. Rf1 h6 32. Ke3 g5 33. hxg5 hxg5 34. Rf2 a5 35. f5+ Kxe5 36. Rh2 0-1

[Event "GER-ch U14 DEM op"]
[Site "Oberhof"]
[Date "2010.05.28"]
[Round "7"]
[White "Voggenreiter, Simon"]
[Black "Bauer, Lukas1111"]
[Result "1-0"]
[WhiteElo "1738"]
[BlackElo "1272"]
[PlyCount "103"]
[EventDate "2010.05.23"]
[EventType "swiss"]
[EventRounds "7"]
[EventCountry "GER"]
[SourceTitle "CBM 136 Extra"]
[Source "ChessBase"]
[SourceDate "2010.07.02"]
[SourceVersion "2"]
[SourceVersionDate "2010.07.15"]
[SourceQuality "1"]

1. e4 d5 2. exd5 Nf6 3. d4 Nxd5 4. c4 Nf6 5. Nc3 Bf5 6. Nf3 e6 7. Be2 Be7 8. 0-0 0-0 9. h3 Nc6 10. Be3 Nb4 11. a3 Na6 12. Nh4 Be4 13. f3 Bc6 14. f4 Ne4 15. Nxe4 Bxh4 16. Nd2 Bf6 17. Nf3 Bxf3 18. Bxf3 c6 19. Ra2 Nc7 20. b3 Qd7 21. Rd2 Rab8 22. d5 exd5 23. cxd5 cxd5 24. Bxd5 Nxd5 25. Rxd5 Qe6 26. Bxa7 Ra8 27. Bc5 Rfc8 28. Re1 Qc6 29. Bb4 Qb6+ 30. Kh2 Qf2 31. Rf1 Qe3 32. Rf3 Qe4 33. Qd3 Qxd3 34. Rfxd3 h6 35. Rd7 Bb2 36. a4 Bc1 37. Kg3 b6 38. Rb7 Rd8 39. Rdd7 Rxd7 40. Rxd7 Re8 41. Rd3 Re4 42. Bd6 Kh7 43. Kf3 Re6 44. Bb4 Rf6 45. Bd2 Bxd2 46. Rxd2 g5 47. Rd4 Kg7 48. Kg3 gxf4+ 49. Rxf4 Rc6 50. Rb4 f5 51. Kf4 Kf6 52. Rb5 1-0

[Event "GER-ch U14 DEM op"]
[Site "Oberhof"]
[Date "2010.05.27"]
[Round "5"]
[White "Voggenreiter, Simon"]
[Black "Tran, Khoa Anh Le"]
[Result "1/2-1/2"]
[WhiteElo "1738"]
[BlackElo "1588"]
[PlyCount "94"]
[EventDate "2010.05.23"]
[EventType "swiss"]
[EventRounds "7"]
[EventCountry "GER"]
[SourceTitle "CBM 136 Extra"]
[Source "ChessBase"]
[SourceDate "2010.07.02"]
[SourceVersion "2"]
[SourceVersionDate "2010.07.15"]
[SourceQuality "1"]

1. e4 e6 2. d4 d5 3. Nc3 Nf6 4. e5 Nfd7 5. f4 c5 6. Nf3 Nc6 7. Be3 cxd4 8. Nxd4 Bc5 9. Qd2 a6 10. h4 Qc7 11. 0-0-0 b5 12. Nce2 Bb7 13. g4 0-0-0 14. Nxc6 Qxc6 15. Nd4 Qb6 16. Rh3 Kb8 17. Kb1 Ka8 18. Re1 Rde8 19. Nb3 Bxe3 20. Rhxe3 h5 21. gxh5 Rxh5 22. Rh3 Reh8 23. Qh2 Qd8 24. Qd2 Rxh4 25. Rg3 g6 26. Nd4 Nc5 27. Bg2 Rh2 28. Nf3 Ne4 29. Qe3 Nxg3 30. Nxh2 Rxh2 31. Qxg3 Qh4 32. Qxh4 Rxh4 33. Rf1 Ka7 34. Kc1 Kb6 35. b4 a5 36. a3 axb4 37. axb4 Rg4 38. Bh1 g5 39. fxg5 Rxg5 40. Kb2 Rxe5 41. Rxf7 Re3 42. Re7 e5 43. Re6+ Ka7 44. Re7 e4 45. Bg2 d4 46. Bf1 Kb6 47. Bxb5 Kxb5 1/2-1/2

[Event "GER-ch U12"]
[Site "Willingen"]
[Date "2008.05.17"]
[Round "11"]
[White "Voggenreiter, Simon"]
[Black "Grewenig, Jan"]
[Result "0-1"]
[WhiteElo "1746"]
[BlackElo "1619"]
[PlyCount "74"]
[EventDate "2008.05.11"]
[EventType "swiss"]
[EventRounds "11"]
[EventCountry "GER"]
[SourceTitle "CBM 124 Extra"]
[Source "ChessBase"]
[SourceDate "2008.07.03"]
[SourceVersion "1"]
[SourceVersionDate "2008.07.03"]
[SourceQuality "1"]

1. e4 c5 2. Nf3 Nc6 3. d4 cxd4 4. Nxd4 g6 5. c4 Bg7 6. Be3 Nf6 7. Nc3 0-0 8. Be2 d6 9. 0-0 Nxd4 10. Bxd4 Be6 11. f3 Qa5 12. Rc1 Rfc8 13. b3 a6 14. Na4 Nd7 15. Bxg7 Kxg7 16. Qd4+ Kg8 17. Nc3 Qc5 18. Rfd1 Qxd4+ 19. Rxd4 Rc5 20. Rcd1 b5 21. Nd5 Bxd5 22. Rxd5 bxc4 23. Rxc5 Nxc5 24. Bxc4 Rb8 25. Rd5 Rb6 26. e5 a5 27. exd6 exd6 28. Rd2 a4 29. Rb2 axb3 30. Bxb3 Kg7 31. Kf2 f5 32. h4 Nd3+ 33. Ke2 Nxb2 34. Kd2 d5 35. Kc3 Nc4 36. Bxc4 dxc4 37. Kxc4 Kf6 0-1

[Event "GER-ch U12"]
[Site "Willingen"]
[Date "2008.05.16"]
[Round "9"]
[White "Voggenreiter, Simon"]
[Black "Carmesin, Matthias"]
[Result "1/2-1/2"]
[WhiteElo "1746"]
[BlackElo "1641"]
[PlyCount "142"]
[EventDate "2008.05.11"]
[EventType "swiss"]
[EventRounds "11"]
[EventCountry "GER"]
[SourceTitle "CBM 124 Extra"]
[Source "ChessBase"]
[SourceDate "2008.07.03"]
[SourceVersion "1"]
[SourceVersionDate "2008.07.03"]
[SourceQuality "1"]

1. e4 c5 2. Nf3 d6 3. d4 cxd4 4. Nxd4 Nf6 5. Nc3 g6 6. Be3 Bg7 7. f3 0-0 8. Qd2 Nc6 9. g4 Be6 10. h4 Rc8 11. h5 Nxd4 12. Bxd4 Qa5 13. hxg6 fxg6 14. Qh2 Rf7 15. Be2 Bh8 16. e5 dxe5 17. Qxe5 Qxe5 18. Bxe5 Nd5 19. Bxh8 Kxh8 20. Nxd5 Bxd5 21. 0-0-0 e6 22. Rde1 Kg7 23. a3 Rcc7 24. Rh2 Rf4 25. Reh1 Kg8 26. Re1 Rcf7 27. c3 R4f6 28. c4 Rc7 29. Kb1 Bxf3 30. Bxf3 Rxf3 31. Rxe6 Rxc4 32. Re7 Rf7 33. Rxf7 Kxf7 34. Rxh7+ Kf6 35. Rxb7 a5 36. Rb5 Rxg4 37. Rxa5 Ke6 38. b4 Kd6 39. Kc2 Kc6 40. Kd2 Kb6 41. Ke3 Rc4 42. Kd3 Rf4 43. Kc3 Rg4 44. Rd5 Rg1 45. a4 Kc6 46. Rd3 g5 47. Kc4 g4 48. a5 g3 49. b5+ Kb7 50. Rc3 g2 51. Rc2 Ra1 52. Rxg2 Rxa5 53. Kc5 Ra1 54. Rg7+ Kc8 55. Kb6 Rb1 56. Rg5 Rb2 57. Rc5+ Kb8 58. Rf5 Kc8 59. Kc6 Rc2+ 60. Kb6 Rb2 61. Rc5+ Kb8 62. Kc6 Rh2 63. b6 Rh8 64. Kb5 Kb7 65. Rc7+ Kb8 66. Ka6 Rg8 67. Rb7+ Ka8 68. Rc7 Kb8 69. Rc6 Rh8 70. b7 Rg8 71. Kb6 Rh8 1/2-1/2

[Event "GER-ch U12"]
[Site "Willingen"]
[Date "2008.05.14"]
[Round "7"]
[White "Helle, Samuel"]
[Black "Voggenreiter, Simon"]
[Result "0-1"]
[WhiteElo "1438"]
[BlackElo "1746"]
[PlyCount "54"]
[EventDate "2008.05.11"]
[EventType "swiss"]
[EventRounds "11"]
[EventCountry "GER"]
[SourceTitle "CBM 124 Extra"]
[Source "ChessBase"]
[SourceDate "2008.07.03"]
[SourceVersion "1"]
[SourceVersionDate "2008.07.03"]
[SourceQuality "1"]

1. d4 Nf6 2. c4 e6 3. Nc3 c5 4. Nf3 g6 5. Bg5 Bg7 6. Qd2 0-0 7. Bh6 d6 8. 0-0-0 a6 9. Bxg7 Kxg7 10. e4 Bd7 11. a4 Qa5 12. b3 b5 13. e5 dxe5 14. dxe5 Ne8 15. cxb5 axb5 16. Bxb5 Bxb5 17. Nxb5 Qb6 18. h4 c4 19. Kb2 cxb3 20. Kxb3 Na6 21. Ra1 Nec7 22. Kc2 Nxb5 23. axb5 Qxb5 24. Qe3 Nb4+ 25. Kd2 Rad8+ 26. Kc1 Nd3+ 27. Kc2 Qb2+ 0-1

[Event "GER-ch U12"]
[Site "Willingen"]
[Date "2008.05.14"]
[Round "6"]
[White "Voggenreiter, Simon"]
[Black "Holle, Cedric"]
[Result "0-1"]
[WhiteElo "1746"]
[BlackElo "1455"]
[PlyCount "112"]
[EventDate "2008.05.11"]
[EventType "swiss"]
[EventRounds "11"]
[EventCountry "GER"]
[SourceTitle "CBM 124 Extra"]
[Source "ChessBase"]
[SourceDate "2008.07.03"]
[SourceVersion "1"]
[SourceVersionDate "2008.07.03"]
[SourceQuality "1"]

1. e4 e5 2. Nf3 Nc6 3. d4 exd4 4. Bc4 Bc5 5. 0-0 d6 6. Bb5 Nge7 7. Nxd4 Bxd4 8. Qxd4 0-0 9. Qd1 a6 10. Bd3 Ng6 11. f4 f5 12. Qh5 Qf6 13. Nc3 Nb4 14. Nd5 Nxd5 15. exd5 Qd4+ 16. Kh1 Bd7 17. Qf3 Rae8 18. c3 Qc5 19. Bd2 Nh4 20. Qh3 Qxd5 21. Rad1 Bc6 22. Rg1 Rf6 23. c4 Qd4 24. Bc3 Qxf4 25. Bxf6 gxf6 26. Qg3+ Qg5 27. Qf2 Re3 28. Bf1 Kf7 29. Be2 f4 30. Rd5 Bxd5 31. cxd5 c6 32. dxc6 bxc6 33. Bxa6 d5 34. a4 Ng6 35. a5 Qe5 36. Bb7 Qc7 37. a6 Qa5 38. Qf1 Qc5 39. Qc1 Qd4 40. Qxc6 Ne7 41. Qc2 f5 42. Ra1 h5 43. h3 f3 44. gxf3 Rxf3 45. Qa4 Qxb2 46. Bxd5+ Nxd5 47. Qd7+ Ne7 48. Qa4 Rxh3+ 49. Kg1 Qh2+ 50. Kf1 Rf3+ 51. Ke1 Qg1+ 52. Ke2 Re3+ 53. Kd2 Qf2+ 54. Kc1 Re1+ 55. Qd1 Rxd1+ 56. Kxd1 Qf1+ 0-1